| Поле | Инд. | ПП | Название | Значение |
|---|---|---|---|---|
| Тип записи | a | |||
| Библиографический уровень | m | |||
| 001 | Контрольный номер | 8aedc36b524c4c3ba2028ef6ab38c049 | ||
| 005 | Дата корректировки | 20260414090919.0 | ||
| 020 | c | Цена, тираж | Б.ц. | |
| 080 | a | Индекс УДК | 625.162.6(043.3) | |
| 090 | a | Полочн. индекс | 625.162.6 | |
| x | Авторский знак | В75 | ||
| 100 | 1_ | a | Автор | Воривошин А.В. |
| 245 | 10 | a | Заглавие | Методы радиоконтроля автоматики неохраняемых переездов производственных предприятий железнодорожного транспорта |
| b | Продолж. заглавия | автореф. дис... канд. техн. наук. 05.12.04 | ||
| c | Ответственность | Московский гос. ун-т путей сообщения | ||
| 260 | a | Место издания | Владимир | |
| c | Дата издания | 2005 | ||
| 300 | a | Объем | 23 с. | |
| 653 | 0_ | a | Ключевые слова | Радиоконтроль; Методы; Автоматика; Железнодорожные предприятия; Железнодорожный переезд; Железнодорожный транспорт; Неохраняемые переезды; Автореферат |
| 901 | t | Тип документа | r |